000 00372nam a2200169Ia 4500
008 240830s2000 xx 000 0 und d
041 _amar
082 _a613 DHO
100 _aDHOBALE JOSTNA
245 _aAROGYA SAKAL SAMPDA
250 _aN.D.
260 _aPUNE
_bDELMAR
_c2000
300 _a102p
650 _aGENERAL
906 _aN.D.
999 _c1199042
_d1199042